00394pab a2200133 454500008004000000100002200040245009700062260000900159300001000168362000900178650002100187700002100208773003100229180718b1987 xxu||||| |||| 00| 0 eng d aGerber, Robert I. aTax competition and redistribution policy of local government competing for business capital c1987 a69-82 aJan. aLocal Government aDaniel P. Hewitt aJournal of Urban Economics